000
00319nam a22001337a 4500
008
131127t xxu||||| |||| 00| 0 eng d
020
_a
978-0-87893-300-6
040
_a
ASAB
_c
ASAB
100
_a
Geoffrey M. Cooper
_9
311
245
_a
The Cell a Molecular Approach
250
_a
5th Ed.
300
_a
340
942
_2
ddc
_c
BK
999
_c
16578
_d
16578